<?xml version="1.0" encoding="UTF-8"?>
<record
    xmlns:xsi="http://www.w3.org/2001/XMLSchema-instance"
    xsi:schemaLocation="http://www.loc.gov/MARC21/slim http://www.loc.gov/standards/marcxml/schema/MARC21slim.xsd"
    xmlns="http://www.loc.gov/MARC21/slim">

  <leader>02979nam a2200325 a 4500</leader>
  <controlfield tag="003">OSt</controlfield>
  <controlfield tag="005">20240911144951.0</controlfield>
  <controlfield tag="007">cr ||||||a|c|a</controlfield>
  <controlfield tag="008">240207s2019    mx a|||fom||| 001 0 spa d</controlfield>
  <datafield tag="040" ind1=" " ind2=" ">
    <subfield code="e">rda</subfield>
  </datafield>
  <datafield tag="100" ind1="1" ind2=" ">
    <subfield code="9">188650</subfield>
    <subfield code="a">Alavez Ordo&#xF1;ez, Josu&#xE9;</subfield>
  </datafield>
  <datafield tag="245" ind1="1" ind2="0">
    <subfield code="a">Evaluaci&#xF3;n de dietas a base de alfalfa (Medicago sativa L.) o treb&#xF3;l blanco (Trifolium repens L.) en la engorda de conejos /</subfield>
    <subfield code="c">por Josu&#xE9; Alavez Ordo&#xF1;ez y Jos&#xE9; Enrique Estevan&#xE9; Guzm&#xE1;n ; director de tesis Fernando Gonz&#xE1;lez Cer&#xF3;n.</subfield>
  </datafield>
  <datafield tag="264" ind1=" " ind2="1">
    <subfield code="a">Chapingo, M&#xE9;xico :</subfield>
    <subfield code="b">El autor,</subfield>
    <subfield code="c">2019.</subfield>
  </datafield>
  <datafield tag="300" ind1=" " ind2=" ">
    <subfield code="a">1 recurso en l&#xED;nea (57 p&#xE1;ginas):</subfield>
    <subfield code="b">cuadros.</subfield>
  </datafield>
  <datafield tag="336" ind1=" " ind2=" ">
    <subfield code="2">rdacontent</subfield>
    <subfield code="a">texto</subfield>
    <subfield code="b">txt</subfield>
  </datafield>
  <datafield tag="337" ind1=" " ind2=" ">
    <subfield code="2">rdamedia</subfield>
    <subfield code="a">computadora</subfield>
    <subfield code="b">c</subfield>
  </datafield>
  <datafield tag="338" ind1=" " ind2=" ">
    <subfield code="2">rdacarrier</subfield>
    <subfield code="a">recurso en l&#xED;nea</subfield>
    <subfield code="b">cr</subfield>
  </datafield>
  <datafield tag="502" ind1=" " ind2=" ">
    <subfield code="b">IAEZ</subfield>
    <subfield code="c">Zootecn&#xED;a</subfield>
    <subfield code="d">2019.</subfield>
    <subfield code="g">LIC</subfield>
  </datafield>
  <datafield tag="504" ind1=" " ind2=" ">
    <subfield code="a">Incluye referencias bibliogr&#xE1;ficas: p&#xE1;ginas 51-57.</subfield>
  </datafield>
  <datafield tag="520" ind1=" " ind2=" ">
    <subfield code="a">El conejo es un mam&#xED;fero con capacidad de consumir dietas altas en fibra. El objetivo del presente experimento fue evaluar el comportamiento productivo de conejos alimentados con dietas a base de tr&#xE9;bol blanco (Dieta 1) y alfalfa (Dieta 2). El experimento se llev&#xF3; a cabo durante el periodo oto&#xF1;o-invierno de 2018. Se utilizaron 111 conejos (machos y hembras) destetados, a 31 d&#xED;as de edad. Los animales fueron distribuidos aleatoriamente en los dos tratamientos con 10 repeticiones, de cuatro a seis animales por jaula, de manera que 56 conejos recibieron la Dieta 1 y 55 la Dieta 2. Todos los animales tuvieron acceso libre a alimento y agua durante los 35 d&#xED;as de engorda. Las variables que se evaluaron fueron: peso vivo (PV) semanal, ganancia de peso (GP), conversi&#xF3;n alimenticia (CA) y rendimiento en canal caliente (RCC) y fr&#xED;a (RCF). No se detectaron diferencias (P&#x2265;0.05) entre tratamientos para dichas variables. Al final del periodo de engorda, los PV de los conejos alimentados con las dietas 1 y 2 fueron: 2012&#xB1;36 y 1960&#xB1;37 g, respectivamente. La ganancia de peso en el periodo de 1 a 35 d&#xED;as de engorda fue 1126&#xB1;55 y 995&#xB1;56 g animal-1 para las dietas 1 y 2, respectivamente. Adem&#xE1;s, la conversi&#xF3;n alimenticia en el mismo periodo y orden de tratamientos fue de 3.3&#xB1;0.2 y 3.4&#xB1;0.2 g/g. Los rendimientos en canal caliente y fr&#xED;a fueron 48.0&#xB1;0.5 y 55.9&#xB1;0.6% para la Dieta 1, y 48.1&#xB1;0.5 y 55.8&#xB1;0.7% para la Dieta 2. Se concluye que, con la inclusi&#xF3;n de tr&#xE9;bol blanco en dietas para engorda de conejos se obtiene el mismo desempe&#xF1;o productivo que al usar alfalfa.</subfield>
  </datafield>
  <datafield tag="650" ind1=" " ind2="4">
    <subfield code="9">26353</subfield>
    <subfield code="a">Conejos</subfield>
    <subfield code="x">Alimentaci&#xF3;n</subfield>
  </datafield>
  <datafield tag="650" ind1=" " ind2="4">
    <subfield code="9">26374</subfield>
    <subfield code="a">Conejos</subfield>
    <subfield code="x">Peso</subfield>
  </datafield>
  <datafield tag="650" ind1=" " ind2="4">
    <subfield code="9">3899</subfield>
    <subfield code="a">Alfalfa como forraje</subfield>
  </datafield>
  <datafield tag="650" ind1=" " ind2="4">
    <subfield code="9">188652</subfield>
    <subfield code="a">Trebol blanco como forraje</subfield>
  </datafield>
  <datafield tag="650" ind1=" " ind2="4">
    <subfield code="9">19149</subfield>
    <subfield code="a">Carne de conejo</subfield>
    <subfield code="x">Producci&#xF3;n</subfield>
  </datafield>
  <datafield tag="700" ind1="1" ind2=" ">
    <subfield code="9">188651</subfield>
    <subfield code="a">Estevan&#xE9; Guzm&#xE1;n, Jos&#xE9; Enrique</subfield>
  </datafield>
  <datafield tag="700" ind1="1" ind2=" ">
    <subfield code="9">48783</subfield>
    <subfield code="a">Gonz&#xE1;lez Cer&#xF3;n, Fernando</subfield>
    <subfield code="e">Director de tesis.</subfield>
  </datafield>
  <datafield tag="856" ind1=" " ind2=" ">
    <subfield code="u">http://10.13.5.2/tesis/tl/Alvarez_Ordonez_Josue.pdf</subfield>
    <subfield code="z">DESCARGAR PDF</subfield>
  </datafield>
  <datafield tag="942" ind1=" " ind2=" ">
    <subfield code="2">Clasificaci&#xF3;n Universidad Aut&#xF3;noma Chapingo</subfield>
    <subfield code="c">TD</subfield>
  </datafield>
  <datafield tag="999" ind1=" " ind2=" ">
    <subfield code="c">219645</subfield>
    <subfield code="d">219645</subfield>
  </datafield>
  <datafield tag="952" ind1=" " ind2=" ">
    <subfield code="0">0</subfield>
    <subfield code="1">0</subfield>
    <subfield code="2">local</subfield>
    <subfield code="4">0</subfield>
    <subfield code="5">1</subfield>
    <subfield code="7">0</subfield>
    <subfield code="8">TesDigL</subfield>
    <subfield code="a">BD</subfield>
    <subfield code="b">BD</subfield>
    <subfield code="c">E_L</subfield>
    <subfield code="d">2024-02-07</subfield>
    <subfield code="l">0</subfield>
    <subfield code="o">Tesis digital</subfield>
    <subfield code="r">2024-02-07 00:00:00</subfield>
    <subfield code="w">2024-02-07</subfield>
    <subfield code="y">TD</subfield>
  </datafield>
</record>
